000 00446nam a2200133Ia 4500
005 20260328101519.0
008 260328s9999||||xx |||||||||||||| ||und||
100 _aInsuasty, Pablo
245 0 _aArquitectura, Vivienda y Patrimonio :
_b Proyectos Contemporáneos en el Centro Histórico de Cartagena de Indias /
_cPablo Insuasty
260 _bUniversidad Tadeo Lozano de Bogotá
300 _a182 p.
650 _aARQUITECTURA REGIONAL
942 _cBK
999 _c9520
_d9520